| 000 | 00692nam a22002292 4500 | ||
|---|---|---|---|
| 001 | 0000023737 | ||
| 005 | 20151217152247.0 | ||
| 008 | 130320s xx 000 0 eng d | ||
| 020 | _a0801020867 : | ||
| 040 |
_aKABU _cKABU |
||
| 100 | 1 |
_aCarson, D. A. _@0000149034 |
|
| 245 | 1 | 0 |
_aExegetical fallacies / _cD. A. Carson. |
| 250 | _a2nd ed. | ||
| 260 |
_aMichigan : _bBaker Academic, _c1996. |
||
| 300 | _a148 p. | ||
| 650 | 0 |
_aBible _xCriticism, interpretation, etc. _@0000149025 |
|
| 650 | 0 |
_aErrors. _@0000181096 |
|
| 852 | 1 | _9p1100 KES | |
| 852 | 1 | _9p1100 KES | |
| 908 | _a130320 | ||
| 950 | _@1 | ||
| 999 |
_c9951 _d9951 |
||